Skúmanie ústavnosti odobratia a analýzy vzorky DNA zatknutým osobám v USA
Pokračovanie prísoevku z predchádzajúceho čísla. Dosah kľúčového rozhodnutia Najvyššieho súdu Spojených štátov v prípade Maryland v King z roku 2013.
Gespeichert in:
| 1. Verfasser: | |
|---|---|
| Format: | Buchkapitel |
| Sprache: | Slowakisch |
| Schlagworte: | |
| Tags: |
Keine Tags, Fügen Sie das erste Tag hinzu!
|
MARC
| LEADER | 00000naa a2200000 4500 | ||
|---|---|---|---|
| 001 | 0252166 | ||
| 005 | 20240502074037.3 | ||
| 041 | 0 | |a slo | |
| 044 | |a SK | ||
| 245 | 1 | 0 | |a Skúmanie ústavnosti odobratia a analýzy vzorky DNA zatknutým osobám v USA |c Gilbert Futó |
| 520 | |a Pokračovanie prísoevku z predchádzajúceho čísla. Dosah kľúčového rozhodnutia Najvyššieho súdu Spojených štátov v prípade Maryland v King z roku 2013. | ||
| 610 | 2 | 0 | |a ústava |
| 610 | 2 | 0 | |a USA |
| 610 | 2 | 0 | |a ochrana ľudských práv |
| 610 | 2 | 0 | |a ochrana osobnosti |
| 610 | 2 | 0 | |a ochrana práv občanov |
| 610 | 2 | 0 | |a biometrika |
| 100 | 1 | |a Futó, Gilbert | |